[Event "Chigorin Memorial 30th"]
[Site "St Petersburg"]
[Date "2023.10.29"]
[Round "9"]
[White "Rachikhin, Roman"]
[Black "Shevchenko, Alexander S"]
[Result "0-1"]
[WhiteElo "1457"]
[BlackElo "1738"]
[PlyCount "96"]
[EventDate "2023.10.21"]
[EventType "swiss"]
[EventRounds "9"]
[EventCountry "RUS"]
[SourceTitle "Mega2024 Update 01"]
[Source "Chessbase"]
[SourceDate "2023.11.12"]
[SourceVersion "1"]
[SourceVersionDate "2023.11.12"]
[SourceQuality "1"]

1. e4 c5 2. Nf3 e6 3. d4 cxd4 4. Nxd4 Nf6 5. Nc3 d6 6. Be3 a6 7. f3 Nc6 8. Be2 Be7 9. 0-0 Qc7 10. Qd2 0-0 11. Rfd1 Bd7 12. Nxc6 Bxc6 13. Qd4 d5 14. exd5 exd5 15. Qb6 Qb8 16. Qd4 Bd6 17. Qh4 Re8 18. Bd4 Be5 19. Bxe5 Rxe5 20. Qd4 Qc7 21. Bf1 Rae8 22. Rd2 Rh5 23. g3 Rf5 24. Bg2 Rfe5 25. Kf2 Qe7 26. Bf1 Nd7 27. Re2 Qf6 28. Rd2 Qh6 29. Bg2 Nf8 30. f4 R5e7 31. Nxd5 Bxd5 32. Bxd5 Qxh2+ 33. Bg2 Qh5 34. Bf3 Qh2+ 35. Bg2 Qh6 36. Rad1 Rd7 37. Qc5 Rxd2+ 38. Rxd2 Qe6 39. Qd4 Qe1+ 40. Kf3 h5 41. Qd3 Ne6 42. Bh3 Rd8 43. Qxd8+ Nxd8 44. Rxd8+ Kh7 45. Rd3 Qb1 46. Rd5 g6 47. Rc5 Qh1+ 48. Bg2 Qd1+ 0-1

[Event "Chigorin Memorial 29th"]
[Site "St Petersburg"]
[Date "2022.10.30"]
[Round "9"]
[White "Shevchenko, Alexander S"]
[Black "Yurasov, Matfey"]
[Result "0-1"]
[WhiteElo "1505"]
[BlackElo "1976"]
[PlyCount "62"]
[EventDate "2022.10.22"]
[EventType "swiss"]
[EventRounds "9"]
[EventCountry "RUS"]
[SourceTitle "EXT 2024"]
[Source "ChessBase"]
[SourceDate "2023.10.10"]
[SourceVersion "1"]
[SourceVersionDate "2023.10.10"]
[SourceQuality "1"]

1. e4 c5 2. Nf3 Nc6 3. d4 cxd4 4. Nxd4 Nf6 5. Nc3 d6 6. Bg5 e6 7. Qd2 a6 8. f4 Be7 9. Be2 Bd7 10. Bf3 h6 11. Bh4 Nxe4 12. Nxe4 Bxh4+ 13. g3 Be7 14. c4 0-0 15. 0-0-0 Nxd4 16. Qxd4 Bc6 17. Rhf1 Qc7 18. Kb1 Rad8 19. Nc3 Bxf3 20. Rxf3 Rc8 21. f5 Qxc4 22. Qxc4 Rxc4 23. Re1 Bf6 24. fxe6 fxe6 25. Rxe6 Be5 26. Rxf8+ Kxf8 27. Nd5 Rc5 28. Nf4 Kf7 29. b4 Rc4 30. Rg6 Rxb4+ 31. Kc2 Rxf4 0-1

[Event "Chigorin Memorial 29th"]
[Site "St Petersburg"]
[Date "2022.10.27"]
[Round "6"]
[White "Shevchenko, Alexander S"]
[Black "Mikheeva, Galina"]
[Result "0-1"]
[WhiteElo "1505"]
[BlackElo "2059"]
[PlyCount "94"]
[EventDate "2022.10.22"]
[EventType "swiss"]
[EventRounds "9"]
[EventCountry "RUS"]
[SourceTitle "EXT 2024"]
[Source "ChessBase"]
[SourceDate "2023.10.10"]
[SourceVersion "1"]
[SourceVersionDate "2023.10.10"]
[SourceQuality "1"]

1. e4 e5 2. Nf3 Nc6 3. Bb5 Nf6 4. 0-0 Nxe4 5. d4 Nd6 6. Bxc6 dxc6 7. dxe5 Nf5 8. Qxd8+ Kxd8 9. Nc3 Ke8 10. Bf4 Be7 11. Rad1 h5 12. Rd2 Nh4 13. Nxh4 Bxh4 14. Ne4 Be7 15. Be3 h4 16. Rfd1 Bf5 17. Nc5 b6 18. Na6 Rc8 19. e6 Bd6 20. exf7+ Kxf7 21. b4 h3 22. g3 Rce8 23. c4 Re4 24. c5 Be5 25. Rc1 b5 26. a3 Re8 27. Rf1 Kg6 28. Rfd1 Rc4 29. Rd8 Rxd8 30. Rxd8 Rc3 31. Nb8 Rxa3 32. Rd1 Be4 33. f4 Bc3 34. Nd7 Ra2 35. Bf2 Bxb4 36. Ne5+ Kh7 37. Nf7 Bg2 38. f5 Bc3 39. Ng5+ Kh6 40. Be3 Kh5 41. Ne6 Kg4 42. Nxc7 Bf3 43. Rd4+ Bxd4 44. Bxd4 Rg2+ 45. Kf1 Rxh2 46. Ne8 Re2 47. Nxg7 h2 0-1

[Event "Chigorin Memorial 29th"]
[Site "St Petersburg"]
[Date "2022.10.24"]
[Round "3"]
[White "Satanovskaia, Evgeniia"]
[Black "Shevchenko, Alexander S"]
[Result "0-1"]
[WhiteElo "1920"]
[BlackElo "1505"]
[PlyCount "118"]
[EventDate "2022.10.22"]
[EventType "swiss"]
[EventRounds "9"]
[EventCountry "RUS"]
[SourceTitle "EXT 2024"]
[Source "ChessBase"]
[SourceDate "2023.10.10"]
[SourceVersion "1"]
[SourceVersionDate "2023.10.10"]
[SourceQuality "1"]

1. d4 Nf6 2. c4 e6 3. Nc3 Bb4 4. e3 0-0 5. Nge2 c5 6. a3 Bxc3+ 7. Nxc3 cxd4 8. exd4 d5 9. Be2 Nc6 10. Be3 b6 11. 0-0 dxc4 12. Bxc4 Bb7 13. Rc1 Rc8 14. Ba2 Ne7 15. Qe2 Ned5 16. Bg5 Qd7 17. f3 h6 18. Bh4 a6 19. Qd2 Qd6 20. Bg3 Qe7 21. Ne2 Rfd8 22. Bb1 Nd7 23. Rce1 b5 24. Qd3 Nf8 25. Be5 f6 26. Bg3 Qf7 27. f4 f5 28. Ba2 Nf6 29. Bh4 Be4 30. Qg3 Rd6 31. Bxf6 Qxf6 32. Bb1 Bxb1 33. Rxb1 Nd7 34. Rbc1 Rxc1 35. Rxc1 Nb6 36. b3 Nd5 37. Rc5 Qe7 38. Qd3 Nf6 39. h3 Ne4 40. Rc8+ Kh7 41. Kh2 Qh4 42. Qf3 Qe1 43. Ng3 Rxd4 44. Nxe4 Rxe4 45. Qg3 Qxg3+ 46. Kxg3 Re3+ 47. Kf2 Rxb3 48. Rc6 Rxa3 49. Rxe6 Ra2+ 50. Kf3 b4 51. Rb6 a5 52. g4 Ra3+ 53. Kg2 fxg4 54. hxg4 b3 55. f5 a4 56. Rb7 Ra2+ 57. Kg3 b2 58. f6 Ra3+ 59. Kg2 Rb3 0-1

[Event "Chigorin Memorial 29th"]
[Site "St Petersburg"]
[Date "2022.10.22"]
[Round "1"]
[White "Popovich, Alexey"]
[Black "Shevchenko, Alexander S"]
[Result "1-0"]
[WhiteElo "2073"]
[BlackElo "1505"]
[PlyCount "93"]
[EventDate "2022.10.22"]
[EventType "swiss"]
[EventRounds "9"]
[EventCountry "RUS"]
[SourceTitle "EXT 2024"]
[Source "ChessBase"]
[SourceDate "2023.10.10"]
[SourceVersion "1"]
[SourceVersionDate "2023.10.10"]
[SourceQuality "1"]

1. e4 e5 2. Nf3 Nc6 3. Bb5 a6 4. Ba4 Nf6 5. 0-0 b5 6. Bb3 Bc5 7. c3 d6 8. d4 Bb6 9. a4 Bb7 10. Bg5 h6 11. Bxf6 Qxf6 12. Bd5 0-0 13. Na3 Rab8 14. axb5 axb5 15. Nxb5 Ne7 16. Bxb7 Rxb7 17. Na3 g5 18. dxe5 dxe5 19. Nc4 Ng6 20. Qd5 c6 21. Qd6 Qxd6 22. Nxd6 Ra7 23. Nc4 Rfa8 24. Rxa7 Bxa7 25. Nfxe5 Ne7 26. Rd1 f6 27. Ng4 Kg7 28. Kf1 h5 29. Nge3 Kf7 30. Ke2 Bc5 31. b4 Ra2+ 32. Rd2 Rxd2+ 33. Kxd2 Ba7 34. g3 g4 35. Ke2 Ke6 36. f3 gxf3+ 37. Kxf3 f5 38. exf5+ Nxf5 39. Nxf5 Kxf5 40. Na5 c5 41. b5 Ke6 42. Ke4 Bb6 43. Nc4 Bc7 44. Ne3 Bb8 45. Nd5 Be5 46. c4 h4 47. Nf4+ 1-0

[Event "Chigorin Memorial 28th"]
[Site "St Petersburg"]
[Date "2021.10.28"]
[Round "6"]
[White "Shevchenko, Alexander S"]
[Black "Kurilov, Amuo"]
[Result "0-1"]
[WhiteElo "1459"]
[BlackElo "1889"]
[PlyCount "82"]
[EventDate "2021.10.23"]
[EventType "swiss"]
[EventRounds "9"]
[EventCountry "RUS"]
[SourceTitle "EXT 2023"]
[Source "ChessBase"]
[SourceDate "2022.10.05"]
[SourceVersion "1"]
[SourceVersionDate "2022.10.05"]
[SourceQuality "1"]

1. e4 c5 2. Nf3 d6 3. d4 cxd4 4. Nxd4 Nf6 5. Nc3 a6 6. f3 e6 7. Be3 b5 8. Qd2 Nbd7 9. g4 Nb6 10. h4 Nfd7 11. g5 Bb7 12. h5 Rc8 13. Bd3 Qc7 14. 0-0-0 Ne5 15. g6 Nec4 16. gxf7+ Qxf7 17. Bxc4 Nxc4 18. Qe2 Be7 19. Rhg1 Bf6 20. h6 g6 21. Kb1 b4 22. Na4 Qd7 23. b3 Na3+ 24. Kb2 Rxc2+ 25. Qxc2 Nxc2 26. Kxc2 0-0 27. Kd2 Qe7 28. Ke2 d5 29. Rg4 Rc8 30. Nb2 a5 31. Nd3 dxe4 32. fxe4 Ba6 33. Nf3 e5 34. Rgg1 Qb7 35. Kf2 Rc2+ 36. Kg3 Qxe4 37. Bg5 Bxg5 38. Nxg5 Qe3+ 39. Kg4 Bc8+ 40. Kh4 Rh2+ 41. Nh3 Rxh3# 0-1